Chinese political thought (Record no. 1083602)

MARC details
000 -LEADER
fixed length control field 00784nam a2200265Ia 4500
003 - CONTROL NUMBER IDENTIFIER
control field OSt
005 - DATE AND TIME OF LATEST TRANSACTION
control field 20221006145629.0
008 - FIXED-LENGTH DATA ELEMENTS--GENERAL INFORMATION
fixed length control field 221006b |||||||| |||| 00| 0 eng d
020 ## - INTERNATIONAL STANDARD BOOK NUMBER
-- 6.00
037 ## - SOURCE OF ACQUISITION
Terms of availability Annuals, Advances
040 ## - CATALOGING SOURCE
Original cataloging agency EASL
Transcribing agency EASL
Language of cataloging eng
041 ## - LANGUAGE CODE
Source of code eng
Language code of text/sound track or separate title eng
100 ## - MAIN ENTRY--PERSONAL NAME
Personal name THOMAS Elbert Duncan
9 (RLIN) 654918
245 #0 - TITLE STATEMENT
Title Chinese political thought
Remainder of title A study based upon the theories of the principal thinkers of the chou period
260 ## - PUBLICATION, DISTRIBUTION, ETC.
Place of publication, distribution, etc. New York
Name of publisher, distributor, etc. Greenwood Press Publishers
Date of publication, distribution, etc. 1968
300 ## - PHYSICAL DESCRIPTION
Extent 317p.
Dimensions cm.
490 ## - SERIES STATEMENT
Volume/sequential designation RS
650 ## - SUBJECT ADDED ENTRY--TOPICAL TERM
Topical term or geographic name entry element CEL
942 ## - ADDED ENTRY ELEMENTS (KOHA)
Classification part W.41.C750, K8
Koha item type Reference
Source of classification or shelving scheme Colon Classification (CC)
Holdings
Withdrawn status Lost status Source of classification or shelving scheme Damaged status Not for loan Home library Current library Date acquired Serial Enumeration / chronology Total Checkouts Full call number Barcode Date last seen Price effective from Koha item type
    Colon Classification (CC)     Department of East Asian Studies Library Department of East Asian Studies Library 2022-10-06 RS   W.41.C750 K8 EA0366690 2022-10-06 2022-10-06 Reference
Copyright @ Delhi University Library System